[Event "XXV Festival A"]
[Site "Arco ITA"]
[Date "2003.10.18"]
[Round "1"]
[White "Allegranti, Luca"]
[Black "Wronn, Bernd"]
[Result "0-1"]
[WhiteElo "1988"]
[BlackElo "2217"]
[PlyCount "110"]
[EventDate "2003.10.18"]

1.d4 Nf6 2.Nf3 d5 3.Bg5 c5 4.e3 Qb6 5.Qc1 Ne4 6.c3 Nxg5 7.Nxg5 Bf5 8.Nd2 
e6 9.Be2 Nc6 10.O-O Rc8 11.Nb3 cxd4 12.exd4 h6 13.Nf3 Bd6 14.Qd2 O-O 15.
Rfe1 a5 16.Nc1 Qc7 17.Nd3 b5 18.Nde5 b4 19.Nxc6 Qxc6 20.Rec1 Qb7 21.Bd3 
bxc3 22.bxc3 Bxd3 23.Qxd3 Qb2 24.g3 Bb4 25.Rab1 Rxc3 26.Qxc3 Qxc3 27.Rxc3 
Bxc3 28.Rc1 Bb2 29.Rc5 a4 30.Kf1 Rb8 31.Ke2 Ba3 32.Rc2 Be7 33.Ne5 Ba3 34.
Kd3 f6 35.Nc6 Rb6 36.f3 Kf8 37.Na7 Rb7 38.Rc8+ Ke7 39.Rg8 Kf7 40.Ra8 Rb2 
41.Nc6 Rxh2 42.Rxa4 Bd6 43.Ra7+ Kg6 44.Nd8 Bxg3 45.Nxe6 Bb8 46.Rb7 Bd6 47.
a4 Ra2 48.Ra7 h5 49.Nxg7 h4 50.Ne8 Bf4 51.Rg7+ Kf5 52.Rh7 Ra3+ 53.Ke2 Re3+
54.Kf2 Rxe8 55.Rxh4 Ra8 0-1

[Event "XXV Festival A"]
[Site "Arco ITA"]
[Date "2003.10.18"]
[Round "1"]
[White "Benaglia, Giovanni"]
[Black "Vezzosi, Paolo"]
[Result "0-1"]
[WhiteElo "2062"]
[BlackElo "2371"]
[PlyCount "62"]
[EventDate "2003.10.18"]

1.d4 Nf6 2.Nf3 e6 3.e3 b6 4.Bd3 Bb7 5.Nbd2 c5 6.c3 Nc6 7.O-O Qc7 8.Re1 Be7
9.a3 d5 10.e4 dxe4 11.Nxe4 Rd8 12.Nxf6+ Bxf6 13.dxc5 Ba6 14.cxb6 axb6 15.
Re3 Qd7 16.Qa4 Bxd3 17.Rxd3 Qxd3 18.Qxc6+ Qd7 19.Qxd7+ Kxd7 20.a4 Kc6 21.
Be3 Rd7 22.Kf1 Ra8 23.Bd4 Bxd4 24.Nxd4+ Kb7 25.Ke2 e5 26.Nb5 Rad8 27.b4 
Rd2+ 28.Ke1 Rc2 29.a5 bxa5 30.bxa5 Kc6 31.Rb1 Ra8 0-1

[Event "XXV Festival A"]
[Site "Arco ITA"]
[Date "2003.10.18"]
[Round "1"]
[White "Bondielli, Giorgio"]
[Black "Friedrich, Norbert"]
[Result "0-1"]
[WhiteElo "2019"]
[BlackElo "2252"]
[PlyCount "78"]
[EventDate "2003.10.18"]

1.e4 c5 2.d4 cxd4 3.c3 dxc3 4.Nxc3 e6 5.Nf3 d6 6.Bc4 Be7 7.Qe2 Nf6 8.O-O 
O-O 9.Rd1 Nbd7 10.Bf4 Ne8 11.e5 d5 12.Bb3 Nc5 13.Bc2 b6 14.Nd4 Bb7 15.b4 
Nd7 16.Bxh7+ Kxh7 17.Qh5+ Kg8 18.Rd3 Nef6 19.exf6 Nxf6 20.Qh3 Ne4 21.Qh5 
g6 22.Qg4 Bf6 23.Be3 Nxc3 24.Rxc3 e5 25.Nc6 Qe8 26.Bg5 Bxg5 27.Qxg5 Bxc6 
28.Rh3 Bd7 29.Rh4 f6 30.Qh6 Kf7 31.Qd2 d4 32.Rh7+ Ke6 33.a4 Rf7 34.Rh4 g5 
35.Rh6 Rc8 36.Qxg5 Ke7 37.Qg3 Rc3 38.Qh4 Qc8 39.Re1 Rc1 0-1

[Event "XXV Festival A"]
[Site "Arco ITA"]
[Date "2003.10.18"]
[Round "1"]
[White "Cardili, Mariano"]
[Black "Popa, Claudiu"]
[Result "1/2-1/2"]
[WhiteElo "1900"]
[BlackElo "2175"]
[PlyCount "64"]
[EventDate "2003.10.18"]

1.d4 d5 2.c4 dxc4 3.Nf3 Nf6 4.e3 e6 5.Bxc4 c5 6.O-O a6 7.dxc5 Qxd1 8.Rxd1 
Bxc5 9.a3 b5 10.Be2 b4 11.axb4 Bxb4 12.Bd2 Be7 13.b4 Bb7 14.b5 O-O 15.Nc3 
axb5 16.Rxa8 Bxa8 17.Nxb5 Ne4 18.Be1 Rc8 19.Nfd4 g6 20.f3 Nf6 21.Bg3 Nh5 
22.Bxb8 Rxb8 23.Nc7 e5 24.Ndb5 Bc6 25.Rc1 Rb6 26.g4 Nf6 27.e4 g5 28.Rd1 h5
29.h3 h4 30.Nd6 Rb2 31.Nf5 Bc5+ 32.Kf1 Ne8 1/2-1/2

[Event "XXV Festival A"]
[Site "Arco ITA"]
[Date "2003.10.18"]
[Round "1"]
[White "Castellano, Alfonso"]
[Black "Tocco, Paolo"]
[Result "0-1"]
[WhiteElo "1854"]
[BlackElo "2156"]
[PlyCount "77"]
[EventDate "2003.10.18"]

1.c4 f5 2.g3 Nf6 3.Bg2 g6 4.Nc3 Bg7 5.e3 O-O 6.Nge2 d6 7.d4 e5 8.O-O Nc6 
9.Rb1 a6 10.b4 Qe8 11.Re1 g5 12.f4 gxf4 13.exf4 e4 14.d5 Ne7 15.Nd4 Kh8 
16.Bb2 Qf7 17.Qd2 Ng4 18.Nd1 Rg8 19.Ne3 h5 20.b5 Bd7 21.a4 Bf6 22.Nxg4 
Rxg4 23.Ne2 Kh7 24.Kf2 Rag8 25.Bd4 h4 26.Rh1 Bxd4+ 27.Qxd4 Qh5 28.Qf6 R8g7
29.bxa6 bxa6 30.Rb8 h3 31.Qf8 hxg2 32.Rg1 Ng8 33.Rxg2 Qf7 34.Qd8 Bxa4 35.
Nd4 Qe7 36.Qc8 e3+ 37.Kg1 Bd7 38.Qxc7 Qe4 39.Ne2 0-1

[Event "XXV Festival A"]
[Site "Arco ITA"]
[Date "2003.10.18"]
[Round "1"]
[White "Crippa, Gabriele"]
[Black "Cebalo, Miso"]
[Result "0-1"]
[WhiteElo "2129"]
[BlackElo "2486"]
[PlyCount "60"]
[EventDate "2003.10.18"]

1.d4 Nf6 2.Nf3 g6 3.Bf4 Bg7 4.e3 O-O 5.h3 c5 6.c3 b6 7.Nbd2 d6 8.a4 Nc6 9.
Be2 Bb7 10.O-O Re8 11.Nc4 Rb8 12.Bh2 a6 13.dxc5 bxc5 14.Rb1 Ba8 15.Qc2 Na5
16.Nfd2 Nxc4 17.Bxc4 Qd7 18.e4 Qc6 19.Rfe1 Rbd8 20.Bd3 d5 21.e5 c4 22.Bf1 
Nd7 23.Nf3 Nc5 24.Ra1 Nb3 25.Ra3 e6 26.Nd4 Nxd4 27.cxd4 Rb8 28.b3 Bf8 29.
Qb2 Bxa3 30.Qxa3 cxb3 0-1

[Event "XXV Festival A"]
[Site "Arco ITA"]
[Date "2003.10.18"]
[Round "1"]
[White "Dalponte, Dino"]
[Black "Blagojevic, Dragisa"]
[Result "0-1"]
[WhiteElo "2134"]
[BlackElo "2521"]
[PlyCount "56"]
[EventDate "2003.10.18"]

1.d4 Nf6 2.Nf3 d6 3.h3 g6 4.Bg5 Bg7 5.c3 Nbd7 6.Nbd2 O-O 7.e3 e5 8.Bc4 Qe7
9.dxe5 dxe5 10.Ne4 h6 11.Bxf6 Nxf6 12.Nxf6+ Qxf6 13.Nd2 Rd8 14.Qb3 Rxd2 
15.Bxf7+ Kf8 16.Rf1 Rd6 17.Bd5 c6 18.Be4 Qf7 19.Qb4 Qe7 20.g4 a5 21.Qb3 
Be6 22.Qc2 Bf7 23.Rd1 Rad8 24.Rxd6 Qxd6 25.b3 Bd5 26.Ke2 Bxe4 27.Qxe4 Qd2+
28.Kf3 Qd5 0-1

[Event "XXV Festival A"]
[Site "Arco ITA"]
[Date "2003.10.18"]
[Round "1"]
[White "De Napoli, Giuseppe"]
[Black "Traversi, Carlo"]
[Result "1-0"]
[WhiteElo "2159"]
[BlackElo "1856"]
[PlyCount "77"]
[EventDate "2003.10.18"]

1.d4 Nf6 2.Nf3 g6 3.c4 Bg7 4.Nc3 d5 5.e3 c6 6.Be2 O-O 7.O-O Nbd7 8.cxd5 
cxd5 9.Qb3 Nb6 10.h3 e6 11.Bd2 Ne4 12.a4 Nd6 13.Rfc1 Nbc4 14.Nb5 Nxd2 15.
Nxd2 Nxb5 16.Bxb5 Bd7 17.Bd3 Bc6 18.Nf3 Qd6 19.a5 a6 20.Qb6 Rfd8 21.Rc5 e5
22.dxe5 Bxe5 23.Nxe5 Qxe5 24.Bxa6 bxa6 25.Rxc6 Rab8 26.Qxa6 Qxb2 27.Rac1 
Ra8 28.Qb6 Qa3 29.a6 Rdb8 30.Qd4 Rd8 31.Ra1 Qb3 32.a7 Qb5 33.Qf6 Qb7 34.
Rb6 Qc7 35.Rc6 Qb7 36.Rb6 Qc7 37.Qd4 Rxa7 38.Rxa7 Qxa7 39.Rxg6+ 1-0

[Event "XXV Festival A"]
[Site "Arco ITA"]
[Date "2003.10.18"]
[Round "1"]
[White "De Santis, Alessio"]
[Black "Ricci, Alfredo"]
[Result "1-0"]
[WhiteElo "2272"]
[BlackElo "2029"]
[PlyCount "55"]
[EventDate "2003.10.18"]

1.d4 Nf6 2.c4 g6 3.Nc3 d5 4.cxd5 Nxd5 5.e4 Nxc3 6.bxc3 c5 7.Bc4 Bg7 8.Ne2 
Nc6 9.Be3 O-O 10.Rc1 cxd4 11.cxd4 e6 12.h4 b5 13.Bb3 Na5 14.h5 Nc4 15.Bxc4
bxc4 16.Qd2 f5 17.e5 Bb7 18.hxg6 hxg6 19.Bg5 Qb6 20.Bh6 Rf7 21.Qg5 f4 22.
Qxg6 Bxg2 23.Rh2 Qb4+ 24.Nc3 Qb2 25.Bxg7 Rxg7 26.Qxe6+ Rf7 27.Rxg2+ Kf8 
28.Qh6+ 1-0

[Event "XXV Festival A"]
[Site "Arco ITA"]
[Date "2003.10.18"]
[Round "1"]
[White "Del Nevo, Claudio"]
[Black "Femiano, Andrea"]
[Result "0-1"]
[WhiteElo "1743"]
[BlackElo "2146"]
[PlyCount "82"]
[EventDate "2003.10.18"]

1.d4 Nf6 2.Bg5 c5 3.Bxf6 gxf6 4.c3 d5 5.e3 e5 6.Bb5+ Nc6 7.Ne2 Be6 8.Nd2 
h5 9.h4 a6 10.Bxc6+ bxc6 11.Ng3 Bg4 12.f3 Bd7 13.Kf2 Rb8 14.b3 Qb6 15.Ndf1
cxd4 16.exd4 Bd6 17.Ne3 e4 18.Ngf5 Bf4 19.g3 Bxe3+ 20.Nxe3 f5 21.c4 Be6 
22.cxd5 cxd5 23.Rc1 Qd6 24.f4 Ke7 25.Rc5 Rhc8 26.Rxc8 Rxc8 27.Qxh5 Qa3 28.
Qe2 Qb4 29.Rd1 a5 30.Rd2 Rc3 31.Rc2 Qxd4 32.Rxc3 Qxc3 33.Qc2 Qb4 34.Qc7+ 
Ke8 35.Qc6+ Kf8 36.Ke2 d4 37.Nc4 Qc3 38.Qd6+ Kg8 39.Qd8+ Kh7 40.Qg5 Qf3+ 
41.Ke1 e3 0-1

[Event "XXV Festival A"]
[Site "Arco ITA"]
[Date "2003.10.18"]
[Round "1"]
[White "Dittmar, Peter"]
[Black "Burg, Twan"]
[Result "1-0"]
[WhiteElo "2356"]
[BlackElo "2050"]
[PlyCount "171"]
[EventDate "2003.10.18"]

1.Nf3 c5 2.b3 d5 3.e3 Nf6 4.Bb2 e6 5.c4 b6 6.cxd5 Nxd5 7.Ne5 Ba6 8.Bxa6 
Nxa6 9.O-O Bd6 10.Qg4 Bxe5 11.Bxe5 Qd7 12.Qxg7 O-O-O 13.Nc3 Rdg8 14.Qh6 
Rg6 15.Qh5 Rhg8 16.Bg3 Nf6 17.Qf3 Qb7 18.Qxb7+ Kxb7 19.a3 h5 20.Kh1 Nc7 
21.Bxc7 Kxc7 22.g3 Rd8 23.d4 cxd4 24.Nb5+ Kb7 25.Nxd4 Ne4 26.Kg2 Rgg8 27.
Rfd1 Rd7 28.Kf3 Nc5 29.b4 Na4 30.Rdc1 e5 31.Nc6 f6 32.Rc2 a6 33.Rac1 Re8 
34.Ke4 h4 35.gxh4 Rh7 36.Kf5 Rxh4 37.Kxf6 e4 38.Ne5 Rxh2 39.Rc7+ Kb8 40.
Nd7+ Ka8 41.Rc8+ Rxc8 42.Rxc8+ Kb7 43.Rc2 Rh7 44.Ke6 Rh5 45.Nf6 Rh6 46.Ke5
b5 47.Nd5 Rh4 48.Kd4 Nb6 49.Nxb6 Kxb6 50.Kd5 Kb7 51.Rd2 Kc7 52.Kc5 Rh6 53.
Rd4 Rc6+ 54.Kd5 Rc2 55.Kxe4 Rxf2 56.Rd3 Rf8 57.Rc3+ Kd6 58.Kd4 Rd8 59.Rc5 
Ke6+ 60.Ke4 Ra8 61.Rc6+ Kd7 62.Kd5 Re8 63.Rxa6 Rxe3 64.Ra7+ Kc8 65.Kc6 Kb8
66.Ra5 Re6+ 67.Kxb5 Kb7 68.Ka4 Kb6 69.Rh5 Rg6 70.Rh3 Ka6 71.Kb3 Kb6 72.a4 
Rg5 73.Rh6+ Kb7 74.a5 Rg4 75.Ka4 Rg7 76.a6+ Ka7 77.Ka5 Rg5+ 78.b5 Rf5 79.
Rh7+ Kb8 80.Rb7+ Ka8 81.Rc7 Rf6 82.Rc8+ Ka7 83.b6+ Rxb6 84.Rc7+ Rb7 85.
Rxb7+ Ka8 86.Rh7 1-0

[Event "XXV Festival A"]
[Site "Arco ITA"]
[Date "2003.10.18"]
[Round "1"]
[White "Drasko, Milan"]
[Black "Diotallevi, Maurizio"]
[Result "1-0"]
[WhiteElo "2470"]
[BlackElo "2096"]
[PlyCount "87"]
[EventDate "2003.10.18"]

1.Nf3 d5 2.g3 c6 3.Bg2 Nf6 4.O-O Bg4 5.d3 Nbd7 6.Re1 e5 7.e4 dxe4 8.dxe4 
Bc5 9.a4 O-O 10.Nbd2 Re8 11.h3 Bxf3 12.Nxf3 a5 13.Qe2 Qb6 14.Nd2 Qc7 15.
Rd1 Bf8 16.Nc4 Nb6 17.Be3 Nxc4 18.Qxc4 Rad8 19.Bf3 Rxd1+ 20.Rxd1 Rd8 21.
Rxd8 Qxd8 22.Kg2 Qc7 23.c3 Ne8 24.Qb3 c5 25.Be2 b6 26.Qd5 Qd6 27.Qa8 Nc7 
28.Qb7 Ne6 29.Bc4 Qc7 30.Qa8 Qd8 31.Qxd8 Nxd8 32.Bd5 Bd6 33.Kf3 Kf8 34.Ke2
Ke7 35.Kd3 Bb8 36.Kc4 Kd6 37.b4 axb4 38.cxb4 Ba7 39.bxc5+ bxc5 40.Kb5 Ne6 
41.Bxe6 fxe6 42.Ka6 Bb8 43.Kb7 Bc7 44.Bxc5+ 1-0

[Event "XXV Festival A"]
[Site "Arco ITA"]
[Date "2003.10.18"]
[Round "1"]
[White "Giuriato, Sergio"]
[Black "Medancic, Rikard"]
[Result "0-1"]
[WhiteElo "2029"]
[BlackElo "2275"]
[PlyCount "60"]
[EventDate "2003.10.18"]

1.d4 Nf6 2.c4 e6 3.g3 Bb4+ 4.Nd2 d5 5.Bg2 O-O 6.Qc2 Nc6 7.Nf3 Ne4 8.c5 Qf6
9.O-O Bxd2 10.Bxd2 Nxd4 11.Nxd4 Qxd4 12.Be3 Qb4 13.Rfd1 Qb5 14.Bxe4 dxe4 
15.Qxe4 Qxe2 16.Rd2 Qh5 17.Rad1 e5 18.Rd8 Bg4 19.Rxa8 Rxa8 20.Rd2 h6 21.
Qd3 Bf3 22.Qf1 Qf5 23.h3 Bc6 24.Kh2 Qf3 25.Qg1 Re8 26.Rd1 f5 27.Rc1 Re6 
28.Rc3 Qd5 29.Ra3 f4 30.gxf4 Rg6 0-1

[Event "XXV Festival A"]
[Site "Arco ITA"]
[Date "2003.10.18"]
[Round "1"]
[White "Grigore, George-Gabriel"]
[Black "Stull, Norbert"]
[Result "1-0"]
[WhiteElo "2485"]
[BlackElo "2114"]
[PlyCount "57"]
[EventDate "2003.10.18"]

1.d4 Nf6 2.c4 g6 3.Nc3 Bg7 4.e4 d6 5.Be2 O-O 6.Nf3 e5 7.O-O Nc6 8.d5 Ne7 
9.Ne1 Nd7 10.Be3 f5 11.f3 f4 12.Bf2 g5 13.Rc1 Ng6 14.c5 Nf6 15.cxd6 cxd6 
16.Nb5 g4 17.Nc7 g3 18.Nxa8 gxf2+ 19.Rxf2 Nh4 20.Nc7 Bh6 21.Qc2 Kh8 22.Ne6
Bxe6 23.dxe6 d5 24.exd5 e4 25.fxe4 f3 26.Nxf3 Bxc1 27.Qxc1 Qb6 28.Qc3 Kg8 
29.e7 1-0

[Event "XXV Festival A"]
[Site "Arco ITA"]
[Date "2003.10.18"]
[Round "1"]
[White "Happel, Hendrik A."]
[Black "Weiland, Guenter"]
[Result "1-0"]
[WhiteElo "2237"]
[BlackElo "1995"]
[PlyCount "79"]
[EventDate "2003.10.18"]

1.d4 g6 2.c4 c5 3.Nf3 Bg7 4.e3 d6 5.Be2 Nd7 6.O-O Ngf6 7.Nc3 O-O 8.b3 b6 
9.Bb2 a6 10.Qc2 Bb7 11.Rfd1 Bxf3 12.Bxf3 Rb8 13.Qe2 Qc7 14.Rac1 Rfd8 15.
Rc2 Nf8 16.g3 Qc8 17.Bg2 g5 18.Ne4 Nxe4 19.Bxe4 f5 20.Bd5+ e6 21.Bg2 Qc7 
22.e4 f4 23.Qg4 fxg3 24.hxg3 Qe7 25.Rcd2 Kh8 26.Bh3 b5 27.Bc3 bxc4 28.bxc4
Bxd4 29.Bxd4+ cxd4 30.Rxd4 Rb2 31.c5 Qf6 32.f4 gxf4 33.Qxf4 Qxf4 34.gxf4 
d5 35.f5 exf5 36.Rxd5 Rxd5 37.exd5 Rc2 38.c6 f4 39.Bf5 Rc3 40.Rd2 1-0

[Event "XXV Festival A"]
[Site "Arco ITA"]
[Date "2003.10.18"]
[Round "1"]
[White "Karpatchev, Aleksandr"]
[Black "Molzahn, Norbert"]
[Result "1-0"]
[WhiteElo "2459"]
[BlackElo "2089"]
[PlyCount "71"]
[EventDate "2003.10.18"]

1.e4 c5 2.c3 d5 3.exd5 Qxd5 4.d4 Nf6 5.Nf3 e6 6.Be2 Be7 7.O-O O-O 8.Ne5 
cxd4 9.cxd4 Nfd7 10.Nc3 Qa5 11.Nc4 Qd8 12.d5 exd5 13.Nxd5 Nc6 14.Bf4 Nc5 
15.Nxe7+ Nxe7 16.Qxd8 Rxd8 17.Bd6 Nd7 18.Bxe7 Re8 19.Bg5 Rxe2 20.Rfe1 Re6 
21.Rxe6 fxe6 22.Nd6 Ne5 23.Rc1 Nc6 24.b4 Bd7 25.Nxb7 Nxb4 26.Nc5 Be8 27.a3
Nd5 28.Nxe6 Rb8 29.h3 Rb3 30.Rc5 Nb6 31.Rc7 Bf7 32.Nd8 h6 33.Nxf7 hxg5 34.
Rxa7 Nc4 35.Nxg5 g6 36.a4 1-0

[Event "XXV Festival A"]
[Site "Arco ITA"]
[Date "2003.10.18"]
[Round "1"]
[White "Kort, Jacob"]
[Black "Roberti, Ignazio"]
[Result "0-1"]
[WhiteElo "2224"]
[BlackElo "1990"]
[PlyCount "80"]
[EventDate "2003.10.18"]

1.d4 Nf6 2.c4 e6 3.Nc3 Bb4 4.Qc2 O-O 5.a3 Bxc3+ 6.Qxc3 Ne4 7.Qc2 f5 8.e3 
b6 9.Bd3 Bb7 10.Ne2 d6 11.f3 Nf6 12.b3 Nbd7 13.Bb2 a5 14.h3 Qe8 15.O-O-O 
c5 16.Rdf1 d5 17.g4 dxc4 18.bxc4 b5 19.Nc3 bxc4 20.Bxc4 Nd5 21.Nxd5 exd5 
22.Bb5 Qxe3+ 23.Qd2 Qxd2+ 24.Kxd2 Nb6 25.dxc5 Nc4+ 26.Bxc4 dxc4 27.Rhg1 
Rad8+ 28.Kc2 f4 29.Rd1 Bxf3 30.Rxd8 Rxd8 31.Re1 Kf7 32.Re5 g6 33.c6 Bxc6 
34.Rxa5 f3 35.Ra7+ Ke6 36.Ra6 Kd5 37.Ra5+ Ke4 38.Re5+ Kf4 39.Re6 Be4+ 40.
Kc1 f2 0-1

[Event "XXV Festival A"]
[Site "Arco ITA"]
[Date "2003.10.18"]
[Round "1"]
[White "Lovati, Paolo"]
[Black "Ortega, Lexy"]
[Result "0-1"]
[WhiteElo "2089"]
[BlackElo "2462"]
[PlyCount "54"]
[EventDate "2003.10.18"]

1.c4 c6 2.b3 d5 3.Bb2 Nf6 4.Nf3 e6 5.g3 a5 6.Bg2 a4 7.O-O Nbd7 8.d3 Bd6 9.
e4 a3 10.Bc3 dxe4 11.dxe4 Qc7 12.Qe2 e5 13.Nh4 g6 14.Bh3 O-O 15.Nd2 Re8 
16.Rab1 b5 17.Rfd1 b4 18.Ba1 Nc5 19.Bxc8 Raxc8 20.Ng2 Rcd8 21.f3 Ne6 22.
Ne3 Bc5 23.Kg2 Nh5 24.Qe1 Nd4 25.Ndf1 Qe7 26.Ng4 Rd6 27.Nf2 Nxf3 0-1

[Event "XXV Festival A"]
[Site "Arco ITA"]
[Date "2003.10.18"]
[Round "1"]
[White "Miatello, Alberto"]
[Black "Isonzo, David"]
[Result "1-0"]
[WhiteElo "2046"]
[BlackElo "2349"]
[PlyCount "75"]
[EventDate "2003.10.18"]

1.e4 c5 2.Nf3 d6 3.d4 cxd4 4.Nxd4 Nf6 5.Nc3 a6 6.Bc4 e6 7.Bb3 Be7 8.f4 Nc6
9.Be3 O-O 10.Qf3 Qc7 11.f5 Ne5 12.Qh3 exf5 13.exf5 Nc4 14.Bxc4 Qxc4 15.g4 
Nd5 16.Nxd5 Qxd5 17.O-O b5 18.Rad1 Bb7 19.g5 Rac8 20.f6 Bd8 21.Rd2 Re8 22.
Nf5 Qh1+ 23.Kf2 Qc6 24.Bd4 Re4 25.Kg3 Qe8 26.g6 hxg6 27.fxg7 Bh4+ 28.Nxh4 
Rxd4 29.Rxd4 Qe5+ 30.Rdf4 g5 31.Nf5 gxf4+ 32.Rxf4 Qe1+ 33.Kg4 Qg1+ 34.Kh5 
Qg6+ 35.Kh4 Qh7+ 36.Kg3 Qg6+ 37.Rg4 Qf6 38.Qh8# 1-0

[Event "XXV Festival A"]
[Site "Arco ITA"]
[Date "2003.10.18"]
[Round "1"]
[White "Proietti, Giorgio"]
[Black "Astengo, Corrado"]
[Result "1/2-1/2"]
[WhiteElo "1891"]
[BlackElo "2166"]
[PlyCount "85"]
[EventDate "2003.10.18"]

1.d4 d5 2.Nf3 Nf6 3.c4 c6 4.Nc3 a6 5.cxd5 cxd5 6.a3 Nc6 7.Bf4 Bf5 8.e3 e6 
9.Be2 Be7 10.O-O h6 11.Ne5 Rc8 12.Rc1 O-O 13.Qd2 Na5 14.Qd1 b5 15.a4 b4 
16.Nb1 Qb6 17.Nd2 Qb7 18.Bd3 Rxc1 19.Qxc1 Bxd3 20.Nxd3 Rc8 21.Qb1 Qd7 22.
b3 Rc3 23.f3 Qc8 24.Bg3 Rc2 25.Rc1 Rxc1+ 26.Nxc1 Qc3 27.Nf1 Nd7 28.Bf2 g6 
29.Ng3 e5 30.dxe5 Nxe5 31.Nge2 Qd2 32.Kf1 Qd1+ 33.Be1 Bh4 34.Ng3 Nac6 35.
Qb2 d4 36.Qd2 Qxd2 37.Bxd2 dxe3 38.Bxe3 f5 39.Nge2 h5 40.Bc5 Kf7 41.Nd4 
Be7 42.Nxc6 Nxc6 43.Nd3 1/2-1/2

[Event "XXV Festival A"]
[Site "Arco ITA"]
[Date "2003.10.18"]
[Round "1"]
[White "Rahls, Peter"]
[Black "Casagrande, Fabio"]
[Result "1-0"]
[WhiteElo "2341"]
[BlackElo "2042"]
[PlyCount "51"]
[EventDate "2003.10.18"]

1.e4 e6 2.Nf3 d5 3.e5 c5 4.b4 cxb4 5.d4 Nc6 6.a3 bxa3 7.c3 Bd7 8.Bd3 Nge7 
9.Nxa3 a6 10.h4 Nf5 11.g4 Nfe7 12.Bd2 h5 13.gxh5 Rxh5 14.Ng5 Rh8 15.Qf3 
Nf5 16.Bxf5 exf5 17.Qxd5 Qe7 18.Nb5 Be6 19.Nxe6 fxe6 20.Qg2 Qf7 21.Bg5 Rc8
22.Nd6+ Bxd6 23.exd6 Na7 24.O-O Rc6 25.Rfb1 Nb5 26.Rxb5 1-0

[Event "XXV Festival A"]
[Site "Arco ITA"]
[Date "2003.10.18"]
[Round "1"]
[White "Rotstein, Arkadij"]
[Black "Vink, Wim"]
[Result "1-0"]
[WhiteElo "2533"]
[BlackElo "2142"]
[PlyCount "83"]
[EventDate "2003.10.18"]

1.e4 c6 2.d4 d5 3.e5 g6 4.Nf3 Bg4 5.Nbd2 e6 6.h3 Bxf3 7.Nxf3 h5 8.Bd3 Ne7 
9.Bg5 Bg7 10.Qd2 Qc7 11.O-O Nd7 12.c3 Nf5 13.g4 Ne7 14.Nh4 Nf8 15.f4 hxg4 
16.hxg4 Rg8 17.Rf2 O-O-O 18.Ng2 Nh7 19.Bh4 f5 20.exf6 Bxf6 21.Bxf6 Nxf6 
22.Qe2 Rd6 23.Re1 Nd7 24.b4 b6 25.Qf3 Qd8 26.Rfe2 Nf8 27.Qh3 Rg7 28.Qh6 
Rh7 29.Qg5 Ng8 30.Qxd8+ Kxd8 31.Kf2 c5 32.Kg3 cxb4 33.cxb4 Rc6 34.Nh4 Rc3 
35.Re3 Ne7 36.b5 Nd7 37.Nf3 Kc7 38.Bxg6 Rxe3 39.Bxh7 Rxe1 40.Nxe1 Kd6 41.
Nf3 Nf6 42.Ng5 1-0

[Event "XXV Festival A"]
[Site "Arco ITA"]
[Date "2003.10.18"]
[Round "1"]
[White "Sautto, Alessandra"]
[Black "Borin, Fabio"]
[Result "0-1"]
[WhiteElo "1964"]
[BlackElo "2189"]
[PlyCount "55"]
[EventDate "2003.10.18"]

1.d4 f5 2.Nc3 Nf6 3.Bg5 d5 4.Nf3 g6 5.e3 Bg7 6.h4 Be6 7.Ne5 Nbd7 8.Nxd7 
Qxd7 9.Bb5 c6 10.Be2 Ne4 11.Nxe4 dxe4 12.Qd2 h6 13.Bf4 Bf7 14.Qb4 O-O 15.
Bc4 Bxc4 16.Qxc4+ Qd5 17.Qxd5+ cxd5 18.c3 Rac8 19.Rc1 Rf6 20.Be5 Ra6 21.
Bxg7 Kxg7 22.a3 Rb6 23.Rc2 a6 24.Kd2 a5 25.Rhc1 Kf6 26.g3 Rb5 27.Ke1 Rc4 
28.Kd2 0-1

[Event "XXV Festival A"]
[Site "Arco ITA"]
[Date "2003.10.18"]
[Round "1"]
[White "Slobodjan, Roman"]
[Black "Cetkovic, Sergio"]
[Result "1-0"]
[WhiteElo "2513"]
[BlackElo "2106"]
[PlyCount "57"]
[EventDate "2003.10.18"]

1.e4 c6 2.c4 g6 3.d4 d5 4.cxd5 cxd5 5.exd5 Qxd5 6.Nc3 Qd8 7.Nf3 Bg7 8.Bb5+
Bd7 9.Bc4 Bc6 10.d5 Bd7 11.O-O Nf6 12.Qb3 b6 13.Re1 O-O 14.h3 Bc8 15.Ne5 
Ne8 16.Nc6 Nxc6 17.dxc6 Nd6 18.Bd5 Qc7 19.Bf4 a6 20.Rad1 Bf5 21.Rxe7 Qxe7 
22.Bxd6 Qa7 23.Bxf8 Rxf8 24.Qa3 Qa8 25.c7 Qc8 26.Qe7 Qe8 27.Qxe8 Rxe8 28.
Bb7 Bf6 29.Nd5 1-0

[Event "XXV Festival A"]
[Site "Arco ITA"]
[Date "2003.10.18"]
[Round "1"]
[White "Swinkels, Jos"]
[Black "Luciani, Carlo"]
[Result "1-0"]
[WhiteElo "1991"]
[BlackElo "2233"]
[PlyCount "135"]
[EventDate "2003.10.18"]

1.e4 e5 2.Nf3 Nc6 3.d4 exd4 4.Nxd4 Qf6 5.Nxc6 Bc5 6.Qd2 bxc6 7.Nc3 Ne7 8.
Bd3 Ng6 9.O-O O-O 10.Qg5 Bd4 11.Qxf6 Bxf6 12.Be3 Ne5 13.Be2 d6 14.Rad1 Be6
15.b3 a5 16.h3 Rfb8 17.Bd2 Nd7 18.f4 Nc5 19.Bf3 Bc8 20.e5 dxe5 21.fxe5 
Bxe5 22.Bxc6 Bb7 23.Bxb7 Rxb7 24.Be3 Na6 25.Nd5 Bd6 26.a4 Nc5 27.Rf3 Ne6 
28.Rdf1 f6 29.h4 Rab8 30.Rd1 Bf8 31.Kf1 c6 32.Nf4 Nxf4 33.Bxf4 Re8 34.Rfd3
Bb4 35.Rd8 Kf7 36.Rxe8 Kxe8 37.Rd3 h5 38.Bd6 g5 39.hxg5 fxg5 40.Re3+ Kf7 
41.Bxb4 axb4 42.Re5 Kf6 43.Rc5 Rc7 44.Kf2 Kg6 45.g3 Rf7+ 46.Kg2 Rc7 47.a5 
Rc8 48.a6 Rc7 49.c3 bxc3 50.Rxc3 Kf5 51.b4 Rd7 52.Rxc6 Rd2+ 53.Kf3 Rd3+ 
54.Kf2 Kg4 55.Rc5 h4 56.gxh4 Kxh4 57.a7 Rd2+ 58.Ke3 Rd8 59.b5 g4 60.Rc7 
Re8+ 61.Kf4 Rf8+ 62.Ke5 g3 63.Rh7+ Kg4 64.Rg7+ Kh3 65.b6 Ra8 66.Kd6 g2 67.
Kc6 Rf8 68.Rxg2 1-0

[Event "XXV Festival A"]
[Site "Arco ITA"]
[Date "2003.10.18"]
[Round "1"]
[White "Swinkels, Robin"]
[Black "Rossi, Giampiero"]
[Result "1/2-1/2"]
[WhiteElo "2170"]
[BlackElo "2040"]
[PlyCount "151"]
[EventDate "2003.10.18"]

1.e4 c5 2.Nf3 e6 3.c4 d6 4.d4 cxd4 5.Nxd4 Nf6 6.Nc3 a6 7.Be3 Be7 8.Be2 Qc7
9.f4 O-O 10.O-O Bd7 11.Rc1 Nc6 12.Bf3 Rfc8 13.b3 Rab8 14.Kh1 Bf8 15.g4 Ne8
16.Bg2 Qd8 17.Qe2 Nxd4 18.Bxd4 b5 19.cxb5 axb5 20.Qd2 b4 21.Ne2 Bb5 22.Bf3
Bc6 23.Ba1 d5 24.exd5 Bxd5 25.Bxd5 Rxc1 26.Rxc1 Qxd5+ 27.Qxd5 exd5 28.Rc2 
Nd6 29.Be5 Rc8 30.Rxc8 Nxc8 31.Kg2 f6 32.Bb2 Bd6 33.Kf3 Kf7 34.h3 Ne7 35.
Ke3 Nc6 36.Kd3 g6 37.Nd4 Nxd4 38.Kxd4 Ke6 39.Ke3 f5 40.g5 Bc5+ 41.Bd4 Bd6 
42.Kf3 Kd7 43.Be3 Kc6 44.Ke2 Bf8 45.Bd4 Bd6 46.Be3 Bf8 47.Kd3 Bd6 48.Bd2 
Bc5 49.Bc1 Kb5 50.Bb2 Kc6 51.Bc1 Kb5 52.Bd2 Kc6 53.Kc2 Kb5 54.Kb2 Bd4+ 55.
Kb1 Bc5 56.Kc2 Bd6 57.Kd3 Bc5 58.Bc1 Kc6 59.Bb2 Bd6 60.Bc1 Bc5 61.Bd2 Kb5 
62.Kc2 Bd6 63.Be3 Bc5 64.Bc1 Bd6 65.Kd3 Bc5 66.Bd2 Kc6 67.Ke2 Kb5 68.Bc1 
Kc6 69.Bb2 Bd6 70.Kf3 Kb5 71.Bd4 Kc6 72.Bh8 Bc5 73.Bb2 Bd6 74.Ke3 Bc5+ 75.
Kd3 Bd6 76.Bc1 1/2-1/2

[Event "XXV Festival A"]
[Site "Arco ITA"]
[Date "2003.10.18"]
[Round "1"]
[White "Trauth, Michael"]
[Black "Perich, Stefano"]
[Result "1/2-1/2"]
[WhiteElo "2202"]
[BlackElo "1984"]
[PlyCount "38"]
[EventDate "2003.10.18"]

1.Nf3 Nf6 2.c4 c6 3.g3 d5 4.Bg2 e6 5.O-O Bd6 6.b3 O-O 7.Bb2 Nbd7 8.Nc3 a6 
9.d4 b5 10.Qd3 Rb8 11.Rab1 Bb7 12.c5 Bc7 13.b4 a5 14.a3 a4 15.e3 Qe7 16.
Ne2 Ne4 17.Ne5 f5 18.f3 Ng5 19.Rbc1 Nf7 1/2-1/2

[Event "XXV Festival A"]
[Site "Arco ITA"]
[Date "2003.10.18"]
[Round "1"]
[White "Valenti, Giuseppe"]
[Black "Blasco, Domenico"]
[Result "1-0"]
[WhiteElo "2305"]
[BlackElo "2040"]
[PlyCount "65"]
[EventDate "2003.10.18"]

1.e4 g6 2.d4 Bg7 3.Nc3 c6 4.h4 h6 5.h5 g5 6.Nge2 d5 7.e5 Bf5 8.Ng3 Bh7 9.
Bd3 Bxd3 10.Qxd3 e6 11.f4 gxf4 12.Bxf4 Na6 13.O-O-O Qa5 14.Qf3 Ne7 15.Rhf1
O-O-O 16.Be3 Rdf8 17.Qg4 Kd7 18.Qxg7 Rfg8 19.Qf6 Rxg3 20.Qxh8 Rxe3 21.Rxf7
Rxc3 22.bxc3 Qxc3 23.Rdf1 Qa1+ 24.Kd2 Qxd4+ 25.Ke2 Qg4+ 26.R1f3 Qxg2+ 27.
Kd1 Qg4 28.Kd2 Qd4+ 29.Ke2 Qe4+ 30.Kf1 Qc4+ 31.Rd3 Nb4 32.Qf6 Qc5 33.Rc3 
1-0

[Event "XXV Festival A"]
[Site "Arco ITA"]
[Date "2003.10.18"]
[Round "1"]
[White "Van Rijn, Wouter"]
[Black "Di Lazzaro, Gabriele"]
[Result "1-0"]
[WhiteElo "2252"]
[BlackElo "2013"]
[PlyCount "75"]
[EventDate "2003.10.18"]

1.e3 c5 2.d4 e6 3.Nf3 Nf6 4.Bd3 b6 5.O-O Bb7 6.Re1 d5 7.c3 Bd6 8.Nbd2 O-O 
9.e4 dxe4 10.Nxe4 Nxe4 11.Bxe4 Bxe4 12.Rxe4 Bc7 13.Be3 Qd5 14.Rh4 f6 15.
dxc5 Qxd1+ 16.Rxd1 b5 17.Nd4 Rd8 18.Re1 e5 19.Nxb5 Ba5 20.Ra4 Nc6 21.b4 a6
22.Nd6 Bc7 23.Rd1 f5 24.f3 f4 25.Bf2 Ne7 26.c4 Nf5 27.b5 a5 28.b6 Bxd6 29.
cxd6 Nxd6 30.c5 Nb7 31.Rc1 Rac8 32.c6 Rd6 33.Rac4 Nd8 34.b7 Rcxc6 35.b8=Q 
Rxc4 36.Rxc4 Rd1+ 37.Be1 Rxe1+ 38.Kf2 1-0

[Event "XXV Festival A"]
[Site "Arco ITA"]
[Date "2003.10.18"]
[Round "1"]
[White "Visser, Eddy"]
[Black "Levin, Felix"]
[Result "0-1"]
[WhiteElo "2111"]
[BlackElo "2481"]
[PlyCount "48"]
[EventDate "2003.10.18"]

1.e4 c5 2.Nf3 d6 3.d4 cxd4 4.Qxd4 Nc6 5.Bb5 Bd7 6.Bxc6 Bxc6 7.Nc3 Nf6 8.
Bg5 e6 9.O-O-O Be7 10.Rhe1 O-O 11.Kb1 Qc7 12.Qd2 Rfc8 13.Nd4 Be8 14.f3 a6 
15.g4 b5 16.h4 b4 17.Nce2 a5 18.h5 a4 19.Qd3 Nxe4 20.fxe4 Bxg5 21.Nf3 Bf6 
22.Rc1 a3 23.b3 Bb2 24.Rcd1 Ra5 0-1